[Event "FIDE WRBTC Blitz-Pool 2024"]
[Site "Astana"]
[Date "2024.08.05"]
[Round "2.33"]
[White "Bernadskiy, Vitaliy"]
[Black "Sakenov, Askar"]
[Result "1-0"]
[WhiteElo "2530"]
[BlackElo "1715"]
[Annotator "ChessBase"]
[PlyCount "63"]
[EventDate "2024.08.01"]
[EventType "team-tourn"]
[EventCountry "KAZ"]
[SourceTitle "playchess.com"]
[Source "ChessBase"]
[SourceQuality "1"]

1. e4 c6 2. d4 d5 3. e5 c5 4. Nf3 Nc6 5. dxc5 Bg4 6. c3 e6 7. Be3 Bxf3 8. Qxf3 Nxe5 9. Qg3 Nc6 10. Nd2 Nf6 11. Be2 g6 12. O-O Bg7 13. b4 O-O 14. a4 d4 15. cxd4 Nxd4 16. Bd1 Nf5 17. Qf3 Nd5 18. Nb3 Bxa1 19. Nxa1 Nfxe3 20. fxe3 Nxb4 21. Qxb7 Qd2 22. Qf3 Rac8 23. Be2 Rxc5 24. Nb3 Qd6 25. Nxc5 Qxc5 26. Kh1 Nd5 27. e4 Ne7 28. Qf6 Nc6 29. Bb5 Nd4 30. Be8 Qc4 31. Bxf7+ Rxf7 32. Qxf7+ 1-0

[Event "FIDE WRBTC Blitz-Pool 2024"]
[Site "Astana"]
[Date "2024.08.05"]
[Round "2.33"]
[White "Lysakov, Anton"]
[Black "Yakubboev, Nodirbek"]
[Result "0-1"]
[WhiteElo "1947"]
[BlackElo "2655"]
[Annotator "ChessBase"]
[PlyCount "34"]
[EventDate "2024.08.01"]
[EventType "team-tourn"]
[EventCountry "KAZ"]
[SourceTitle "playchess.com"]
[Source "ChessBase"]
[SourceQuality "1"]

1. e4 c5 2. Nf3 d6 3. Bb5+ Nd7 4. O-O Ngf6 5. Re1 a6 6. Bf1 b6 7. e5 dxe5 8. Nxe5 Nxe5 9. Rxe5 e6 10. Re1 Bd6 11. c3 Bb7 12. g3 h5 13. h4 Qc7 14. Bg2 Ng4 15. d3 Bxg3 16. fxg3 Qxg3 17. Qe2 Bxg2 0-1

[Event "FIDE WRBTC Blitz-Pool 2024"]
[Site "Astana"]
[Date "2024.08.05"]
[Round "2.34"]
[White "Nurman, Alua"]
[Black "Minnekhanov, Eldar"]
[Result "1-0"]
[WhiteElo "2324"]
[BlackElo "1750"]
[Annotator "ChessBase"]
[PlyCount "45"]
[EventDate "2024.08.01"]
[EventType "team-tourn"]
[EventCountry "KAZ"]
[SourceTitle "playchess.com"]
[Source "ChessBase"]
[SourceQuality "1"]

1. e4 d6 2. d4 Nf6 3. Nc3 c6 4. Be3 Qa5 5. Bd3 e5 6. Nf3 Bg4 7. dxe5 dxe5 8. O-O Be7 9. h3 Bxf3 10. Qxf3 O-O 11. Ne2 Nbd7 12. Ng3 Bc5 13. Nf5 Rfd8 14. Qg3 Ne8 15. Bg5 f6 16. Bc4+ Kh8 17. Bh6 Bf8 18. Bf7 g6 19. Bxg6 Bxh6 20. Nxh6 Kg7 21. Nf5+ Kf8 22. Bxh7 Qc5 23. Qg8# 1-0

[Event "FIDE WRBTC Blitz-Pool 2024"]
[Site "Astana"]
[Date "2024.08.05"]
[Round "2.34"]
[White "Zhunusov, Nurlan"]
[Black "Gumularz, Szymon"]
[Result "1/2-1/2"]
[WhiteElo "1771"]
[BlackElo "2571"]
[Annotator "ChessBase"]
[PlyCount "109"]
[EventDate "2024.08.01"]
[EventType "team-tourn"]
[EventCountry "KAZ"]
[SourceTitle "playchess.com"]
[Source "ChessBase"]
[SourceQuality "1"]

1. e3 g6 2. Nf3 Bg7 3. d4 Nf6 4. c4 O-O 5. Be2 c5 6. O-O cxd4 7. exd4 d5 8. c5 Nc6 9. a3 Bg4 10. Nc3 Ne4 11. h3 Bxf3 12. Bxf3 f5 13. Ne2 e5 14. dxe5 Nxe5 15. Bxe4 dxe4 16. Qb3+ Kh8 17. Nf4 Qe7 18. Be3 Qf7 19. Qxf7 Rxf7 20. Ne6 Bf6 21. Rad1 Re8 22. Ng5 Rc7 23. h4 Nd3 24. b4 f4 25. Bc1 Nxc1 26. Rxc1 h6 27. Nh3 g5 28. Rcd1 Kg7 29. Rd5 Kg6 30. Rfd1 e3 31. h5+ Kf7 32. fxe3 Rxe3 33. Nf2 Ke7 34. Ng4 Bg7 35. Rd6 Re6 36. Rxe6+ Kxe6 37. Rd6+ Kf5 38. Nxh6+ Bxh6 39. Rxh6 Rd7 40. Rd6 Re7 41. h6 g4 42. Kf2 g3+ 43. Kf1 Ke4 44. Rg6 Re5 45. h7 Rh5 46. Rg7 Rh1+ 47. Ke2 Rh2 48. Re7+ Kf5 49. Kf3 Rh1 50. Rf7+ Ke5 51. Re7+ Kf5 52. Rf7+ Ke5 53. Re7+ Kf5 54. Rf7+ Ke5 55. Re7+ 1/2-1/2

[Event "FIDE WRBTC Blitz-Pool 2024"]
[Site "Astana"]
[Date "2024.08.05"]
[Round "2.35"]
[White "Kulon, Klaudia"]
[Black "Bakyt, Ansar"]
[Result "1-0"]
[WhiteElo "2415"]
[BlackElo "1488"]
[Annotator "ChessBase"]
[PlyCount "59"]
[EventDate "2024.08.01"]
[EventType "team-tourn"]
[EventCountry "KAZ"]
[SourceTitle "playchess.com"]
[Source "ChessBase"]
[SourceQuality "1"]

1. c4 e5 2. g3 Nf6 3. Bg2 Nc6 4. Nc3 Be7 5. e3 O-O 6. Nge2 h6 7. O-O d6 8. d4 exd4 9. exd4 Nd7 10. h3 Re8 11. Be3 Bf6 12. Nd5 Nb6 13. Nxf6+ Qxf6 14. Rc1 Bd7 15. Qd2 Rad8 16. Nf4 Rb8 17. c5 dxc5 18. dxc5 Bxh3 19. Bxh3 Na4 20. b3 Rbd8 21. Qc2 Nb2 22. Rb1 Qe7 23. Qxb2 a6 24. Bg2 Nb4 25. a3 Nd3 26. Nxd3 Rxd3 27. Rfe1 Qd7 28. Bxb7 Qb5 29. Bg2 a5 30. Bf1 1-0

[Event "FIDE WRBTC Blitz-Pool 2024"]
[Site "Astana"]
[Date "2024.08.05"]
[Round "2.35"]
[White "Bozhgulova, Zaynabkhan"]
[Black "Vakhidov, Daler"]
[Result "0-1"]
[WhiteElo "1605"]
[BlackElo "2211"]
[Annotator "ChessBase"]
[PlyCount "59"]
[EventDate "2024.08.01"]
[EventType "team-tourn"]
[EventCountry "KAZ"]
[SourceTitle "playchess.com"]
[Source "ChessBase"]
[SourceQuality "1"]

1. b3 Nf6 2. Bb2 g6 3. e3 Bg7 4. Nf3 O-O 5. Be2 d5 6. O-O e6 7. d4 b6 8. c4 Bb7 9. Nbd2 Nbd7 10. Rc1 Ne4 11. Nxe4 dxe4 12. Nd2 c5 13. Qc2 f5 14. Rfd1 cxd4 15. Bxd4 Bxd4 16. exd4 e3 17. Nf3 exf2+ 18. Kxf2 Nf6 19. h3 Qd6 20. Ne5 Rad8 21. Bf3 Bxf3 22. gxf3 Nh5 23. Qd2 Qe7 24. Kg2 Qh4 25. Qe3 Nf4+ 26. Kf1 Qxh3+ 27. Kf2 Qg2+ 28. Ke1 Qh1+ 29. Kd2 Qg2+ 30. Kc3 0-1

[Event "FIDE WRBTC Blitz-Pool 2024"]
[Site "Astana"]
[Date "2024.08.05"]
[Round "2.36"]
[White "Khassenov, Mansur"]
[Black "Yessengali, Alikhan"]
[Result "1-0"]
[WhiteElo "1982"]
[BlackElo "1529"]
[Annotator "ChessBase"]
[PlyCount "43"]
[EventDate "2024.08.01"]
[EventType "team-tourn"]
[EventCountry "KAZ"]
[SourceTitle "playchess.com"]
[Source "ChessBase"]
[SourceQuality "1"]

1. c4 Nf6 2. Nc3 c5 3. g3 b6 4. Bg2 Nc6 5. Nf3 Bb7 6. O-O d6 7. d4 cxd4 8. Nxd4 Rc8 9. Re1 a6 10. e4 e6 11. Bg5 Be7 12. Rc1 O-O 13. b3 h6 14. Be3 Qc7 15. Nd5 Qd8 16. Nxc6 Bxc6 17. Bxb6 Qd7 18. Nxe7+ Qxe7 19. c5 d5 20. exd5 Nxd5 21. Bxd5 Bxd5 22. Qxd5 1-0

[Event "FIDE WRBTC Blitz-Pool 2024"]
[Site "Astana"]
[Date "2024.08.05"]
[Round "2.36"]
[White "Aitmukhanova, Dinara"]
[Black "Kurlak, Jakub"]
[Result "0-1"]
[WhiteElo "1611"]
[BlackElo "1828"]
[Annotator "NA"]
[PlyCount "62"]
[EventDate "2024.08.01"]
[EventType "team-tourn"]
[EventCountry "KAZ"]
[SourceTitle "playchess.com"]
[Source "ChessBase"]
[SourceQuality "1"]

1. e4 c5 2. Nf3 Nc6 3. Bb5 e6 4. O-O Nge7 5. d3 a6 6. Bxc6 Nxc6 7. Bg5 Be7 8. Bf4 d6 9. Nc3 O-O 10. a3 b5 11. b4 cxb4 12. axb4 Bb7 13. Na2 d5 14. e5 Nxb4 15. Nxb4 Bxb4 16. Qb1 Be7 17. c3 Rc8 18. Bd2 f6 19. d4 fxe5 20. Nxe5 Bg5 21. f4 Be7 22. Qd1 Qc7 23. Qg4 Qd6 24. f5 exf5 25. Rxf5 Rxf5 26. Qxf5 Rf8 27. Qg4 Bc8 28. Qg3 Qf6 29. Ng4 Bxg4 30. Qxg4 Qf2+ 31. Kh1 Qf1+ 0-1

[Event "FIDE WRBTC Blitz-Pool 2024"]
[Site "Astana"]
[Date "2024.08.05"]
[Round "2.37"]
[White "Makhnev, Denis"]
[Black "Alin, Azamat"]
[Result "1-0"]
[WhiteElo "2551"]
[BlackElo "1969"]
[Annotator "ChessBase"]
[PlyCount "37"]
[EventDate "2024.08.01"]
[EventType "team-tourn"]
[EventCountry "KAZ"]
[SourceTitle "playchess.com"]
[Source "ChessBase"]
[SourceQuality "1"]

1. d4 d5 2. c4 dxc4 3. Nf3 a6 4. a4 Nc6 5. Bf4 Nf6 6. e3 Na5 7. Nbd2 Be6 8. Be2 Nh5 9. Be5 f6 10. Ng5 fxg5 11. Bxh5+ Bf7 12. Qf3 g6 13. Bxh8 gxh5 14. O-O Qd5 15. e4 Qc6 16. d5 Qg6 17. Rfe1 g4 18. Qc3 b6 19. Nxc4 1-0

[Event "FIDE WRBTC Blitz-Pool 2024"]
[Site "Astana"]
[Date "2024.08.05"]
[Round "2.37"]
[White "Utegaliyev, Azamat"]
[Black "Grachev, Boris"]
[Result "1-0"]
[WhiteElo "2418"]
[BlackElo "2585"]
[Annotator "ChessBase"]
[PlyCount "68"]
[EventDate "2024.08.01"]
[EventType "team-tourn"]
[EventCountry "KAZ"]
[SourceTitle "playchess.com"]
[Source "ChessBase"]
[SourceQuality "1"]

1. e4 c5 2. Nc3 e6 3. g3 d5 4. Bg2 Nf6 5. d3 dxe4 6. Nxe4 Nxe4 7. Bxe4 Nd7 8. Ne2 Nf6 9. Bg2 e5 10. O-O Bd6 11. Nc3 O-O 12. a4 Bg4 13. Bf3 Bxf3 14. Qxf3 Qd7 15. Bg5 Ne8 16. Rfe1 Rb8 17. Nb5 a6 18. Nxd6 Qxd6 19. Qe4 f6 20. Qc4+ Kh8 21. Be3 Qc6 22. Qxc5 Nc7 23. Qxc6 bxc6 24. b3 Nd5 25. Bd2 h5 26. Re4 Rfe8 27. Rae1 Red8 28. f4 exf4 29. Bxf4 Rbc8 30. Bd2 Kh7 31. Kf2 Kg6 32. Rc4 Nb6 33. Rc5 Nd5 34. Re6 Re8 1-0

[Event "FIDE WRBTC Blitz-Pool 2024"]
[Site "Astana"]
[Date "2024.08.05"]
[Round "2.38"]
[White "Akhilbay, Imangali"]
[Black "Suleyev, Alen"]
[Result "0-1"]
[WhiteElo "2279"]
[BlackElo "2084"]
[Annotator "ChessBase"]
[PlyCount "102"]
[EventDate "2024.08.01"]
[EventType "team-tourn"]
[EventCountry "KAZ"]
[SourceTitle "playchess.com"]
[Source "ChessBase"]
[SourceQuality "1"]

1. e4 e5 2. Nf3 Nc6 3. Bc4 Bc5 4. c3 Nf6 5. d3 O-O 6. O-O d6 7. h3 h6 8. Re1 a6 9. a4 Ba7 10. Nbd2 Be6 11. Bxe6 fxe6 12. b4 Qe8 13. Nf1 Nh5 14. Ra2 Nf4 15. Kh2 Qg6 16. Bxf4 Rxf4 17. g3 Rf7 18. Kg2 Raf8 19. N1h2 Ne7 20. d4 exd4 21. cxd4 Nc6 22. b5 Nb4 23. Rb2 a5 24. Ree2 Bb6 25. Rb3 c6 26. bxc6 bxc6 27. e5 d5 28. Rc3 Rc7 29. Nh4 Qe8 30. Ng4 c5 31. dxc5 Rxc5 32. Rxc5 Bxc5 33. Qc1 Be7 34. Nf3 Qxa4 35. Nxh6+ gxh6 36. Qxh6 Qe8 37. Qxe6+ Qf7 38. Qg4+ Qg7 39. Qe6+ Kh8 40. Nd4 Qf7 41. Qh6+ Qh7 42. Qe6 Nd3 43. f4 Rxf4 44. Nc6 Rf7 45. Qc8+ Rf8 46. Qe6 Bc5 47. Qg4 Nb4 48. Nd4 Bxd4 49. Qxd4 Qf5 50. Qh4+ Kg7 51. Qe7+ Rf7 0-1

[Event "FIDE WRBTC Blitz-Pool 2024"]
[Site "Astana"]
[Date "2024.08.05"]
[Round "2.38"]
[White "Altair, Almir"]
[Black "Zhalmakhanov, Ramazan"]
[Result "0-1"]
[WhiteElo "1546"]
[BlackElo "2497"]
[Annotator "ChessBase"]
[PlyCount "60"]
[EventDate "2024.08.01"]
[EventType "team-tourn"]
[EventCountry "KAZ"]
[SourceTitle "playchess.com"]
[Source "ChessBase"]
[SourceQuality "1"]

1. e4 c5 2. Nc3 a6 3. a4 e6 4. f4 d5 5. d4 cxd4 6. Qxd4 Nc6 7. Qd1 Bb4 8. Nge2 d4 9. g3 dxc3 10. Qxd8+ Nxd8 11. bxc3 Bc5 12. Bg2 Nc6 13. Bd2 Nf6 14. f5 e5 15. O-O-O O-O 16. h4 b5 17. h5 bxa4 18. h6 Rb8 19. Bg5 Ng4 20. hxg7 Kxg7 21. Bf3 f6 22. Bxg4 fxg5 23. f6+ Rxf6 24. Bxc8 Be3+ 25. Rd2 Rd6 26. Nd4 Nxd4 27. cxd4 Rxd4 28. c3 Rxd2 29. Bf5 Rh2+ 30. Kd1 Rb1# 0-1

[Event "FIDE WRBTC Blitz-Pool 2024"]
[Site "Astana"]
[Date "2024.08.05"]
[Round "2.39"]
[White "Urazayev, Arystanbek"]
[Black "Marat, Yasmin"]
[Result "1-0"]
[WhiteElo "2466"]
[BlackElo "1414"]
[Annotator "ChessBase"]
[PlyCount "57"]
[EventDate "2024.08.01"]
[EventType "team-tourn"]
[EventCountry "KAZ"]
[SourceTitle "playchess.com"]
[Source "ChessBase"]
[SourceQuality "1"]

1. e4 c5 2. Nf3 Nc6 3. Bb5 e6 4. O-O Nge7 5. Re1 a6 6. Bf1 g6 7. c3 Bg7 8. d4 cxd4 9. cxd4 O-O 10. d5 Ne5 11. Nc3 Nxf3+ 12. Qxf3 exd5 13. exd5 Nf5 14. Bd3 d6 15. Bf4 b6 16. Bxf5 Bxf5 17. Qg3 Qd7 18. Bxd6 Rfe8 19. h3 b5 20. a3 a5 21. Rad1 Rac8 22. Rxe8+ Rxe8 23. Bc5 Rc8 24. b4 axb4 25. axb4 Bxc3 26. Qxc3 Qb7 27. Qf6 Bd7 28. Bd4 Kf8 29. Re1 1-0

[Event "FIDE WRBTC Blitz-Pool 2024"]
[Site "Astana"]
[Date "2024.08.05"]
[Round "2.39"]
[White "Askarov, Bakhtiyar"]
[Black "Suleimen, Ergali"]
[Result "0-1"]
[WhiteElo "2280"]
[BlackElo "2334"]
[Annotator "ChessBase"]
[PlyCount "83"]
[EventDate "2024.08.01"]
[EventType "team-tourn"]
[EventCountry "KAZ"]
[SourceTitle "playchess.com"]
[Source "ChessBase"]
[SourceQuality "1"]

1. d4 Nf6 2. Nf3 g6 3. Bf4 Bg7 4. e3 O-O 5. h3 d6 6. Be2 Nc6 7. O-O e5 8. Bh2 Ne4 9. c4 Qe7 10. Nc3 Nxc3 11. bxc3 f5 12. Rb1 Kh8 13. Re1 b6 14. Nd2 Bd7 15. Bf3 Rae8 16. Nb3 Qf7 17. c5 dxc5 18. dxc5 e4 19. Be2 Be6 20. cxb6 cxb6 21. Nd4 Ne5 22. a4 Rc8 23. a5 bxa5 24. Qa4 Nd3 25. Rf1 Rxc3 26. Qxa5 Rcc8 27. Bxd3 exd3 28. Be5 Bd5 29. Bxg7+ Kxg7 30. Rfd1 Rcd8 31. Ra1 Rd7 32. Rxd3 f4 33. Rd2 fxe3 34. fxe3 Qe7 35. Re1 Qe4 36. Qa1 Kg8 37. Qb2 Rb7 38. Qc2 Qxc2 39. Rxc2 Rfb8 40. Rec1 Rb2 41. Kh2 Be4 42. Rc8+ 0-1

[Event "FIDE WRBTC Blitz-Pool 2024"]
[Site "Astana"]
[Date "2024.08.05"]
[Round "2.40"]
[White "Petukhov, Alan"]
[Black "Aligozhin, Zhaslan"]
[Result "1-0"]
[WhiteElo "2224"]
[BlackElo "2333"]
[Annotator "ChessBase"]
[PlyCount "121"]
[EventDate "2024.08.01"]
[EventType "team-tourn"]
[EventCountry "KAZ"]
[SourceTitle "playchess.com"]
[Source "ChessBase"]
[SourceQuality "1"]

1. c4 e5 2. Nc3 Nf6 3. Nf3 Nc6 4. e3 d5 5. cxd5 Nxd5 6. Bb5 Nxc3 7. bxc3 Bd6 8. e4 O-O 9. h3 f5 10. d3 h6 11. Be3 Be6 12. Qa4 Kh8 13. Bxc6 bxc6 14. Qxc6 Qe7 15. Qa4 a5 16. O-O Bd7 17. Qc4 Be6 18. Qa4 Bd7 19. Qc4 Be6 20. Qc6 Bd7 21. Qc4 Be6 22. Qa4 Qf7 23. exf5 Bxf5 24. Qc4 Qe7 25. Qh4 Qxh4 26. Nxh4 Bxd3 27. Rfd1 Bh7 28. c4 Be7 29. Nf3 Bf6 30. Rac1 Rfd8 31. Rd5 Bg8 32. Rc5 Rd7 33. Nxe5 Bxe5 34. Rxe5 a4 35. a3 Rd3 36. Bc5 Rad8 37. Re7 Rd1+ 38. Rxd1 Rxd1+ 39. Kh2 c6 40. Bb4 Rd3 41. Rc7 Bxc4 42. Rxc6 Bb3 43. Rc7 Rd8 44. Bc3 Rg8 45. f4 Kh7 46. f5 h5 47. f6 Kg6 48. fxg7 Kh7 49. Kg3 Kg6 50. Kh4 Bd5 51. Rc5 Be4 52. Rg5+ Kf7 53. Kxh5 Bd3 54. Kg4 Bc2 55. Kf4 Bb1 56. g4 Bc2 57. h4 Ke6 58. Re5+ Kd6 59. Re3 Bb1 60. h5 Bc2 61. g5 1-0

[Event "FIDE WRBTC Blitz-Pool 2024"]
[Site "Astana"]
[Date "2024.08.05"]
[Round "2.40"]
[White "Aitzhan, Karim"]
[Black "Agmanov, Zhandos"]
[Result "0-1"]
[WhiteElo "1706"]
[BlackElo "2458"]
[Annotator "ChessBase"]
[PlyCount "58"]
[EventDate "2024.08.01"]
[EventType "team-tourn"]
[EventCountry "KAZ"]
[SourceTitle "playchess.com"]
[Source "ChessBase"]
[SourceQuality "1"]

1. c4 Nf6 2. g3 e6 3. Bg2 d5 4. Nf3 Be7 5. d4 O-O 6. O-O c6 7. Nbd2 b6 8. Qc2 c5 9. dxc5 bxc5 10. cxd5 exd5 11. Rd1 Nc6 12. Nb3 Qb6 13. Bg5 Nb4 14. Qc1 Nxa2 15. Rxa2 Qxb3 16. Ra3 Qb6 17. Re3 Be6 18. h3 h6 19. Bh4 Rab8 20. Rd2 d4 21. Ra3 c4 22. Ra4 Rfd8 23. Qd1 c3 24. bxc3 Bb3 25. Rb4 Bxd1 26. Rxb6 axb6 27. Rxd1 dxc3 28. Rc1 Rbc8 29. Ne1 g5 0-1

[Event "FIDE WRBTC Blitz-Pool 2024"]
[Site "Astana"]
[Date "2024.08.05"]
[Round "2.41"]
[White "Kamalidenova, Meruert"]
[Black "Bakytzhanuly, Sanzhar"]
[Result "1-0"]
[WhiteElo "2352"]
[BlackElo "1549"]
[Annotator "ChessBase"]
[PlyCount "43"]
[EventDate "2024.08.01"]
[EventType "team-tourn"]
[EventCountry "KAZ"]
[SourceTitle "playchess.com"]
[Source "ChessBase"]
[SourceQuality "1"]

1. e4 d6 2. d4 Nf6 3. Nc3 c6 4. Be3 Qa5 5. Qd2 e5 6. Nf3 Be7 7. h3 Nbd7 8. g4 exd4 9. Nxd4 Ne5 10. f4 Nexg4 11. hxg4 Nxg4 12. Bc4 Qb4 13. Bb3 Bf6 14. O-O-O a5 15. a3 Qc5 16. Nf5 Bxc3 17. Nxd6+ Kf8 18. Bxc5 Bxd2+ 19. Rxd2 Kg8 20. Nxf7 Nf6 21. Rd8+ Ne8 22. Rxe8# 1-0

[Event "FIDE WRBTC Blitz-Pool 2024"]
[Site "Astana"]
[Date "2024.08.05"]
[Round "2.41"]
[White "Nasybullina, Alfia"]
[Black "Kaliakhmet, Elnaz"]
[Result "0-1"]
[WhiteElo "2034"]
[BlackElo "2137"]
[Annotator "ChessBase"]
[PlyCount "102"]
[EventDate "2024.08.01"]
[EventType "team-tourn"]
[EventCountry "KAZ"]
[SourceTitle "playchess.com"]
[Source "ChessBase"]
[SourceQuality "1"]

1. e4 c5 2. Nc3 Nc6 3. f4 g6 4. Nf3 Bg7 5. d3 e6 6. Be2 Nge7 7. O-O O-O 8. e5 d6 9. exd6 Qxd6 10. Ne4 Qd8 11. c3 b6 12. Be3 Bb7 13. Qc2 Rc8 14. Rad1 Qd7 15. Bc1 Rfd8 16. Nf2 Nd5 17. Ng4 Qc7 18. g3 h5 19. Ne3 Qe7 20. Nc4 Qc7 21. a4 a6 22. Rde1 b5 23. Ne3 Nxe3 24. Bxe3 Qe7 25. axb5 axb5 26. Ng5 Nd4 27. Qd1 Nxe2+ 28. Qxe2 Qd6 29. Ne4 Qe7 30. b4 cxb4 31. cxb4 Bxe4 32. dxe4 Qxb4 33. e5 Qc4 34. Qf3 b4 35. Rc1 Qb5 36. Rxc8 Rxc8 37. Rb1 Bf8 38. Qd1 Bc5 39. Bxc5 Qxc5+ 40. Kg2 Ra8 41. Qb3 Rb8 42. Rd1 Qc6+ 43. Kg1 Qe4 44. Rb1 Qd4+ 45. Kg2 Qe4+ 46. Kf2 Rc8 47. Rb2 Rc3 48. Qxb4 Qf3+ 49. Ke1 Rc1+ 50. Kd2 Rd1+ 51. Kc2 Qd3# 0-1

[Event "FIDE WRBTC Blitz-Pool 2024"]
[Site "Astana"]
[Date "2024.08.05"]
[Round "2.42"]
[White "Yerseit, Amir"]
[Black "Anetov, Amirzhan"]
[Result "0-1"]
[WhiteElo "1534"]
[BlackElo "1661"]
[Annotator "NA"]
[PlyCount "88"]
[EventDate "2024.08.01"]
[EventType "team-tourn"]
[EventCountry "KAZ"]
[SourceTitle "playchess.com"]
[Source "ChessBase"]
[SourceQuality "1"]

1. e4 e5 2. Nf3 Nc6 3. Nc3 Nf6 4. Be2 Bb4 5. Nd5 Bc5 6. d3 h6 7. O-O d6 8. Be3 Nxd5 9. exd5 Bxe3 10. fxe3 Ne7 11. e4 Ng6 12. Qd2 O-O 13. h3 Nf4 14. d4 f6 15. dxe5 fxe5 16. Bc4 Rf6 17. Kh2 Rg6 18. Rf2 Bd7 19. Nd4 Qh4 20. Bf1 Nxh3 21. Nf3 Qg3+ 22. Kh1 Nxf2+ 23. Kg1 Nh3+ 24. Kh1 Nf4 25. Kg1 Nxg2 26. Bxg2 Qxf3 27. Rf1 Rxg2+ 28. Qxg2 Qxg2+ 29. Kxg2 Rf8 30. Rxf8+ Kxf8 31. Kg3 g5 32. c4 b5 33. b3 bxc4 34. bxc4 Ba4 35. Kf3 Bc2 36. a3 Bb3 37. Kg4 Bxc4 38. Kf5 Kf7 39. a4 a5 40. Kg4 Bb3 41. Kf5 Bxa4 42. Kg4 Bd1+ 43. Kf5 Bc2 44. Kg4 Bxe4 0-1

[Event "FIDE WRBTC Blitz-Pool 2024"]
[Site "Astana"]
[Date "2024.08.05"]
[Round "2.42"]
[White "Akhmetov, Burkut"]
[Black "Kabylbek, Yedil"]
[Result "0-1"]
[WhiteElo "1400"]
[BlackElo "1857"]
[Annotator "NA"]
[PlyCount "76"]
[EventDate "2024.08.01"]
[EventType "team-tourn"]
[EventCountry "KAZ"]
[SourceTitle "playchess.com"]
[Source "ChessBase"]
[SourceQuality "1"]

1. e4 d6 2. d4 Nf6 3. Bd3 e5 4. dxe5 dxe5 5. Nf3 c6 6. O-O Nbd7 7. Bg5 Be7 8. Bh4 O-O 9. Bg3 Bd6 10. Nc3 Qc7 11. Qe2 Nc5 12. Bc4 Bg4 13. h3 Bh5 14. a3 Rfe8 15. b4 Ne6 16. Rad1 Nd4 17. Qe3 Bxf3 18. gxf3 Rad8 19. Rd2 b5 20. Ba2 a5 21. Rb1 axb4 22. axb4 Qd7 23. Kh2 Bc7 24. Rbd1 Qe7 25. f4 exf4 26. Bxf4 Bxf4+ 27. Qxf4 Qxb4 28. Qg3 Qc5 29. Qe3 Qh5 30. f4 Ng4+ 31. Kg2 Nxe3+ 32. Kh2 Nxd1 33. Rxd1 Nf3+ 34. Kg3 Rxd1 35. Ne2 Rf1 36. Kg2 Nd2 37. Ng3 Qf3+ 38. Kh2 Qf2# 0-1

[Event "FIDE WRBTC Blitz-Pool 2024"]
[Site "Astana"]
[Date "2024.08.05"]
[Round "2.43"]
[White "Bologan, Victor"]
[Black "Kassimov, Baurzhan"]
[Result "1-0"]
[WhiteElo "2598"]
[BlackElo "2260"]
[Annotator "ChessBase"]
[PlyCount "55"]
[EventDate "2024.08.01"]
[EventType "team-tourn"]
[EventCountry "KAZ"]
[SourceTitle "playchess.com"]
[Source "ChessBase"]
[SourceQuality "1"]

1. e4 c5 2. Nf3 d6 3. d4 cxd4 4. Nxd4 Nf6 5. Nc3 a6 6. Be3 e5 7. Nb3 Be6 8. f3 Be7 9. Qd2 O-O 10. O-O-O a5 11. Kb1 a4 12. Nc1 a3 13. b3 Ra5 14. g4 d5 15. g5 d4 16. gxf6 Bxf6 17. Bxd4 exd4 18. N3e2 Nc6 19. Nd3 Be7 20. f4 f5 21. Bg2 Qb6 22. Ng3 Rb5 23. exf5 Bxb3 24. cxb3 Rxb3+ 25. axb3 Qxb3+ 26. Ka1 Bb4 27. Bd5+ Qxd5 28. Nxb4 1-0

[Event "FIDE WRBTC Blitz-Pool 2024"]
[Site "Astana"]
[Date "2024.08.05"]
[Round "2.43"]
[White "Akylbek, Zhaksylyk"]
[Black "Annaberdiyev, Meylis"]
[Result "0-1"]
[WhiteElo "1662"]
[BlackElo "2431"]
[Annotator "ChessBase"]
[PlyCount "92"]
[EventDate "2024.08.01"]
[EventType "team-tourn"]
[EventCountry "KAZ"]
[SourceTitle "playchess.com"]
[Source "ChessBase"]
[SourceQuality "1"]

1. e3 Nf6 2. f4 d5 3. Nf3 Bg4 4. d4 c5 5. c3 Nc6 6. Nbd2 e6 7. Bd3 Bd6 8. h3 Bf5 9. Qe2 Bxd3 10. Qxd3 cxd4 11. Nxd4 Nxd4 12. exd4 Bxf4 13. O-O Bxd2 14. Bxd2 Ne4 15. Bf4 O-O 16. c4 Rc8 17. c5 Qd7 18. a4 f6 19. b4 Rce8 20. Bh2 g5 21. b5 Rc8 22. Rac1 Kh8 23. a5 Rg8 24. a6 bxa6 25. c6 Qg7 26. bxa6 g4 27. hxg4 Qxg4 28. Qf3 Qh4 29. c7 Rg6 30. Rc2 Rh6 31. g3 Qg5 32. Qf4 Rg6 33. Qxg5 Rxg5 34. Kg2 Rg7 35. Rfc1 h5 36. Kh3 Kh7 37. Rc6 Nf2+ 38. Kg2 Ng4 39. Bg1 Kg6 40. Bf2 Rd7 41. Be1 Ne3+ 42. Kf3 Nc4 43. Rxe6 Rdxc7 44. Bb4 Rc6 45. Bc5 Rxe6 46. Bxa7 Nd2+ 0-1

[Event "FIDE WRBTC Blitz-Pool 2024"]
[Site "Astana"]
[Date "2024.08.05"]
[Round "2.44"]
[White "Nukin, Askhat"]
[Black "Al-Mudahka, Mohd"]
[Result "0-1"]
[WhiteElo "2268"]
[BlackElo "2542"]
[Annotator "ChessBase"]
[PlyCount "64"]
[EventDate "2024.08.01"]
[EventType "team-tourn"]
[EventCountry "KAZ"]
[SourceTitle "playchess.com"]
[Source "ChessBase"]
[SourceQuality "1"]

1. e4 c5 2. Nf3 g6 3. d4 cxd4 4. Nxd4 Nc6 5. Nc3 Bg7 6. Be3 Nf6 7. Bc4 O-O 8. Bb3 e6 9. f3 d5 10. exd5 exd5 11. Qd2 Nxd4 12. Bxd4 Re8+ 13. Kf2 Be6 14. Rhe1 Rc8 15. Kg1 a6 16. Rad1 b5 17. Ne2 a5 18. c3 Qc7 19. Bc2 b4 20. Bd3 bxc3 21. Bxc3 Nh5 22. Bxa5 Qa7+ 23. Kh1 Bxb2 24. Qxb2 Qxa5 25. Nd4 Nf4 26. Bb5 Rb8 27. a4 Nd3 28. Qe2 Bd7 29. Bxd7 Rxe2 30. Rxe2 Rb2 31. Re8+ Kg7 32. Rf1 Qa7 0-1

[Event "FIDE WRBTC Blitz-Pool 2024"]
[Site "Astana"]
[Date "2024.08.05"]
[Round "2.44"]
[White "Halynyazov, Vepaly"]
[Black "Abuzyarov, Arlan"]
[Result "1-0"]
[WhiteElo "2049"]
[BlackElo "1851"]
[Annotator "ChessBase"]
[PlyCount "52"]
[EventDate "2024.08.01"]
[EventType "team-tourn"]
[EventCountry "KAZ"]
[SourceTitle "playchess.com"]
[Source "ChessBase"]
[SourceQuality "1"]

1. d4 d5 2. c4 e6 3. Nf3 Nf6 4. Bg5 Be7 5. Nc3 O-O 6. e3 b6 7. cxd5 Nxd5 8. Bxe7 Qxe7 9. Nxd5 exd5 10. Bd3 Bb7 11. O-O Nd7 12. Rc1 c5 13. Qa4 Nf6 14. Rfd1 Rfd8 15. Qa3 Nd7 16. Bf5 h6 17. Bxd7 Rxd7 18. dxc5 bxc5 19. Qxc5 Qe4 20. Qd4 Qe6 21. Ne5 Re7 22. Nd3 Qg6 23. Nf4 Qg5 24. Nxd5 Re6 25. Rc7 Bc6 26. h4 Qg6 1-0

[Event "FIDE WRBTC Blitz-Pool 2024"]
[Site "Astana"]
[Date "2024.08.05"]
[Round "2.45"]
[White "Zhu, Chen"]
[Black "Kozganbay, Erkin"]
[Result "0-1"]
[WhiteElo "2423"]
[BlackElo "2293"]
[Annotator "ChessBase"]
[PlyCount "48"]
[EventDate "2024.08.01"]
[EventType "team-tourn"]
[EventCountry "KAZ"]
[SourceTitle "playchess.com"]
[Source "ChessBase"]
[SourceQuality "1"]

1. d4 d6 2. e4 Nf6 3. Nc3 e5 4. Nf3 Nbd7 5. Bc4 Be7 6. O-O c6 7. a4 h6 8. Re1 Qc7 9. h3 Nf8 10. Be3 g5 11. dxe5 dxe5 12. Nh2 Be6 13. Be2 Ng6 14. a5 Nf4 15. Bg4 Nxg4 16. Nxg4 h5 17. Nh2 g4 18. hxg4 hxg4 19. Nxg4 Rg8 20. Nh2 Nxg2 21. Kh1 Nxe1 22. Qxe1 Bh3 23. Nf1 Bg2+ 24. Kh2 Qd7 0-1